| 000 | 00635nam a2200193Ia 4500 | ||
|---|---|---|---|
| 003 | LDD | ||
| 008 | 190117s9999 xx 000 0 und d | ||
| 020 |
_a9788126722327 _c₹250 |
||
| 040 | _cLDD | ||
| 041 | _ahi | ||
| 082 | _a8H1.71 न4916थी | ||
| 100 | _aनन्दा, वर्तिका | ||
| 245 | 0 |
_aथी हूँ रहूँगी _cवर्तिका नन्दा |
|
| 260 |
_aनई दिल्ली _bराजकमल प्रकाशन _c2012 |
||
| 300 | _a143 | ||
| 901 | _aRAJ | ||
| 904 | _aReqst by : J.M. Parakh | ||
| 942 |
_2ddc _cH |
||
| 999 |
_c161967 _d161967 |
||